| 000 | 00979nam a2200217 a 4500 | ||
|---|---|---|---|
| 001 | 000361672 | ||
| 003 | AM-YeHGA | ||
| 005 | 20250617131557.0 | ||
| 008 | 040916s1984 ||| r 000 0 rus d | ||
| 040 | _aAM-YeHGA | ||
| 041 | 1 |
_arus _hukr |
|
| 100 | 1 | _aРебро, Петро | |
| 245 | 1 | 0 |
_aСуть : _bСтихотворения, поэмы / _cПетро Ребро; Пер. с укр. В. Корчагин. |
| 260 |
_aМосква : _bСов. писатель, _c1984. |
||
| 300 |
_a88 с. : _bпортр., ил. |
||
| 500 | _aВ вып. дан. авт.: Петр Павлович Ребро | ||
| 505 | 0 | _aЦиклы: Лепестки огня; Земное тяготение; Вечерние монологи; Поэмы: Здравствуй, Берда!: (Октавы); Я, Кость Великий: (Поэма-монолог) | |
| 653 | 0 | _aУкраинская поэзия | |
| 700 | 1 |
_aКорчагин, Валентин _eпер. _4trl |
|
| 090 | _c139781 | ||
| 999 |
_c138404 _d138404 |
||